=LDR 00000nam 2200000 4500 =001 INLIS000000000810544 =005 20260428112518 =035 ##$$a 0010-0426000019 =245 1#$$a Tuhfatul Ikhwani Bi Ajwabah Muhimmah : $b Tatallaq bil Arkanil Islam =100 #$$a Abdul Aziz bin Abdillah bin Baz =300 ##$; $c xii, 219 hlm. ; 24 cm =260 ##$$a Makkah, Arab Saudi =082 ##$$a 297.3 =084 ##$$a 297.3 ABD t =020 ##$$a 996011132